Applied and algorithmic graph theory /

Gespeichert in:
Bibliographische Detailangaben
Hauptverfasser: Chartrand, Gary (Verfasst von), Oellermann, Ortrud R (Verfasst von)
Format: Buch
Sprache:Englisch
Veröffentlicht: McGraw-Hill, 1993
Schlagworte:
Tags: Tag hinzufügen
Keine Tags, Fügen Sie das erste Tag hinzu!

MARC

LEADER 00000nam a22000003a 4500
001 stu10271
005 20200624155333.2
008 971114s1993----xxu-----------------eng-d
020 |a 0-07-557101-3 
040 |a STU  |b slo 
041 0 |a eng 
044 |a xxu 
080 |a 519.17  |7 stu_us_auth*stu8282 
084 |a A0210  |2 INS 
084 |a B0250  |2 INS 
084 |a C1160  |2 INS 
100 1 |a Chartrand, Gary  |4 aut 
245 1 |a Applied and algorithmic graph theory /  |c [aut.] Chartrand,Gary; Oellermann,Ortrud R 
260 |b McGraw-Hill,  |c 1993 
300 |a 395 s. 
650 7 |a teória grafov  |2 stusub 
700 1 |a Oellermann, Ortrud R  |4 aut 
996 |c I*8M5096  |l I  |s A  |a 24  |w stu10271_0001